| 000 | 00739nam a22001457a 4500 | ||
|---|---|---|---|
| 003 | OSt | ||
| 005 | 20160324085033.0 | ||
| 008 | 160324b xxu||||| |||| 00| 0 eng d | ||
| 040 | _cRUA | ||
| 082 | _aAGR.BB CHE 2010 B472 Or.1 | ||
| 100 |
_98168 _aCHEA SENGHOUY; ជា សេងហួយ |
||
| 245 | _aComparision of yeild rice planting and sowing in dry season conditionat tmolkouk district, battambang, ប្រៀបធៀបផលិតកម្មស្រួវសន្ទូង និងស្រូវពង្រោះក្នុងលក្ខខ័ណ្ឌរដូវប្រាំង នៅស្រុកថ្មគោល ខេត្តបាត់ដំបង | ||
| 300 |
_axiii,66p. _bill. _c29cm. |
||
| 942 |
_2ddc _cAGRBB |
||
| 999 |
_c7778 _d7778 |
||